000 00756nam a2200229Ii 4500
003 JO-AjNU
008 230605s9999||||xx |||||||||||||| ||und||
017 _a2008/8/2711
020 _a978-9957-944-49-5
040 _aJO-AjNU
_bara
_erda
_cJO-AjNU
041 _aara
050 1 4 _aG156.5.E26.R39 2009
100 3 _aرواشدة، أكرم عاطف,
_eauthor
_928489
245 0 0 _aالسياحة البيئية: الأسس والمرتكزات
250 _aط1
264 3 1 _aعمان: دار الراية، 2009
300 _a178ص
336 _atext
_btxt
_2rdacontent
337 _aunmediated
_bn
_2rdamedia
338 _avolume
_bnc
_2rdacarrier
650 4 _aصناعة السياحة-السياحة-البيئة-حماية البيئية
_928490
999 _aA11056
_c14624
_d14624